[Event "GER AM02-A email"]
[Site "GER email"]
[Date "2016.06.26"]
[Round "?"]
[White "Gburek, Juergen"]
[Black "Telepnev, Igor Viktorovich"]
[Result "1/2-1/2"]
[WhiteElo "2503"]
[BlackElo "2521"]
[PlyCount "73"]
[EventDate "2016.??.??"]
[EventType "tourn (corr)"]
[EventRounds "14"]
[EventCountry "GER"]
[SourceTitle "Corr 2020"]
[Source "ChessBase"]
[SourceDate "2019.09.30"]
[SourceVersion "1"]
[SourceVersionDate "2019.09.30"]
[SourceQuality "1"]

1. e4 c5 2. Nf3 Nc6 3. Nc3 Nf6 4. Bb5 Qc7 5. d3 d6 6. 0-0 e6 7. Bg5 Nd7 8. Re1 h6 9. Bh4 Nce5 10. Nxe5 dxe5 11. f4 Be7 12. Bxe7 Kxe7 13. f5 a6 14. fxe6 Nf6 15. Bc4 Bxe6 16. Rf1 b5 17. Nd5+ Bxd5 18. Bxd5 Nxd5 19. exd5 Rhe8 20. Qg4 Kf8 21. Rf3 f6 22. Raf1 Qf7 23. c4 Rab8 24. b3 a5 25. Qg3 a4 26. Qf2 Qe7 27. Rg3 Kg8 28. Qxf6 Qxf6 29. Rxf6 e4 30. dxe4 bxc4 31. bxc4 Rb1+ 32. Rf1 Rxf1+ 33. Kxf1 Rxe4 34. Rc3 Rd4 35. Ke2 Kf7 36. Kf3 g5 37. h3 1/2-1/2

[Event "GER AM02-A email"]
[Site "GER email"]
[Date "2016.06.26"]
[Round "?"]
[White "Telepnev, Igor Viktorovich"]
[Black "Rook, Detlef"]
[Result "1/2-1/2"]
[WhiteElo "2521"]
[BlackElo "2487"]
[PlyCount "143"]
[EventDate "2016.??.??"]
[EventType "tourn (corr)"]
[EventRounds "14"]
[EventCountry "GER"]
[SourceTitle "Corr 2020"]
[Source "ChessBase"]
[SourceDate "2019.09.30"]
[SourceVersion "1"]
[SourceVersionDate "2019.09.30"]
[SourceQuality "1"]

1. d4 Nf6 2. c4 g6 3. Nc3 d5 4. cxd5 Nxd5 5. e4 Nxc3 6. bxc3 Bg7 7. Bc4 c5 8. Ne2 Nc6 9. Be3 0-0 10. 0-0 Qc7 11. Rc1 Rd8 12. Bf4 Qd7 13. dxc5 Qe8 14. Bd5 Bd7 15. Qd2 e6 16. Bb3 Ne5 17. Bg5 Bb5 18. Bxd8 Rxd8 19. Qc2 Bd3 20. Qb2 Qe7 21. Rcd1 Rc8 22. Qd2 Bh6 23. f4 Qxc5+ 24. Kh1 Ba6 25. h3 Qb6 26. Qc2 Nc4 27. Bxc4 Bxc4 28. Rf3 Qc7 29. f5 Re8 30. Ng3 Bb5 31. fxg6 hxg6 32. Qf2 Bc6 33. Qxa7 f5 34. Qf2 Bg5 35. Ne2 Qg7 36. h4 Qh6 37. Rh3 Bxe4 38. a4 Kf7 39. Nd4 Be7 40. Re1 Bf6 41. Kg1 Kg7 42. a5 Re7 43. c4 Qh8 44. Nb3 Bc6 45. Qb6 Qc8 46. Rd1 Rd7 47. Rhd3 Rxd3 48. Rxd3 Kf7 49. a6 bxa6 50. Rd6 Ba4 51. Nc5 Be7 52. Nxa4 Bxd6 53. Qxd6 Qxc4 54. Nc5 a5 55. Qc7+ Kg8 56. Qd8+ Kf7 57. Qd7+ Kf6 58. Qd8+ Kf7 59. Nd3 Qd5 60. Qc7+ Kf6 61. Ne1 e5 62. Qb6+ Ke7 63. Kh2 e4 64. Qxg6 Qd2 65. Qg3 Kf6 66. h5 Qh6 67. Kg1 Qxh5 68. Qd6+ Kg7 69. Nc2 Qg5 70. Qe5+ Kh7 71. Nd4 Qe3+ 72. Kf1 1/2-1/2